书目信息 |
| 题名: |
骏马奔驰
|
|
| 作者: | 骆季超 编 | |
| 分册: | ||
| 出版信息: | 北京 人民音乐出版社 2005 |
|
| 页数: | 149页 | |
| 开本: | 26cm | |
| 丛书名: | ||
| 单 册: | ||
| 中图分类: | J648.6 | |
| 科图分类: | ||
| 主题词: | 民族器乐--重奏曲--中国--选集 , 民族器乐 , 重奏曲 | |
| 电子资源: | ||
| ISBN: | 7-103-02893-1 | |
| 000 | 00800ncm0 2200253 450 | |
| 001 | 003041163 | |
| 005 | 20070806180655.37 | |
| 010 | @a7-103-02893-1@dCNY18.00 | |
| 100 | @a20050919d2005 em y0chiy0110 ea | |
| 101 | 0 | @achi |
| 102 | @aCN@b110000 | |
| 105 | @ag z 000yy | |
| 200 | 1 | @a骏马奔驰@9jun ma ben chi@e中国民族器乐重奏曲集@f骆季超编 |
| 210 | @a北京@c人民音乐出版社@d2005 | |
| 215 | @a149页@d26cm | |
| 330 | @a本书分四个部分:名曲改编曲、少数民族歌舞曲、考级曲目改编、多种风格的赋格曲。 | |
| 517 | 1 | @a中国民族器乐重奏曲集@9zhong guo min zu qi yue chong zou qu ji |
| 606 | 0 | @a民族器乐@x重奏曲@y中国@j选集 |
| 606 | 0 | @a民族器乐 |
| 606 | 0 | @a重奏曲 |
| 690 | @aJ648.6@v4 | |
| 701 | 0 | @a骆季超@9luo ji chao@f(1941~)@4编 |
| 801 | 0 | @aCN@bNLC@c20070806 |
| 905 | @a10447@dJ648.6@e140 | |
| 骏马奔驰:中国民族器乐重奏曲集/骆季超编.-北京:人民音乐出版社,2005 |
| 149页;26cm |
| ISBN 7-103-02893-1:CNY18.00 |
| 本书分四个部分:名曲改编曲、少数民族歌舞曲、考级曲目改编、多种风格的赋格曲。 |
| ● |
| 相关链接 |
|
|
|
|
正题名:骏马奔驰
索取号:J648.6/140
 
预约/预借
| 序号 | 登录号 | 条形码 | 馆藏地/架位号 | 状态 | 备注 |
| 1 | 0804475 | 208044757 | 第一样本阅览室/ [索取号:J648.6/140] | 在馆 | |
| 2 | 0804476 | 208044766 | 第一借阅区/ [索取号:J648.6/140] | 在馆 | |
| 3 | 0804477 | 208044775 | 第一借阅区/ [索取号:J648.6/140] | 在馆 | |
| 4 | 0804478 | 208044784 | 第一借阅区/ [索取号:J648.6/140] | 在馆 | |
| 5 | 0804479 | 208044793 | 音乐系资料室/ [索取号:J648.6/140] | 在馆 |